The far side gallery 5 / (Record no. 726)

MARC details
000 -LEADER
fixed length control field 01061cam a2200313 a 4500
005 - DATE AND TIME OF LATEST TRANSACTION
control field 20260322212031.0
008 - FIXED-LENGTH DATA ELEMENTS--GENERAL INFORMATION
fixed length control field data
010 ## - LIBRARY OF CONGRESS CONTROL NUMBER
LC control number 95077571
020 ## - INTERNATIONAL STANDARD BOOK NUMBER
International Standard Book Number 0836204255 (pbk.)
020 ## - INTERNATIONAL STANDARD BOOK NUMBER
International Standard Book Number 0836204263 (hard)
020 ## - INTERNATIONAL STANDARD BOOK NUMBER
International Standard Book Number 9780836204254 (pbk.)
020 ## - INTERNATIONAL STANDARD BOOK NUMBER
International Standard Book Number 9780836204261 (hard)
040 ## - CATALOGING SOURCE
Original cataloging agency MB
Transcribing agency MB
Modifying agency DLC
-- TNJ
-- DLC
042 ## - AUTHENTICATION CODE
Authentication code lccopycat
043 ## - GEOGRAPHIC AREA CODE
Geographic area code n-us---
050 04 - LIBRARY OF CONGRESS CALL NUMBER
Classification number NC1429.L32
Item number A4 1995
082 00 - DEWEY DECIMAL CLASSIFICATION NUMBER
Classification number 741.5/973
Edition information 20
099 ## - LOCAL FREE-TEXT CALL NUMBER (OCLC)
Classification number LARSOG
001 - CONTROL NUMBER
control field data
100 1# - MAIN ENTRY--PERSONAL NAME
Personal name Larson, Gary.
240 10 - UNIFORM TITLE
Uniform title Far side.
Form subheading Selections
245 14 - TITLE STATEMENT
Title The far side gallery 5 /
Statement of responsibility, etc. Gary Larson.
260 ## - PUBLICATION, DISTRIBUTION, ETC.
Place of publication, distribution, etc. Kansas city :
Name of publisher, distributor, etc. Andrews and McMeel,
Date of publication, distribution, etc. c1995.
300 ## - PHYSICAL DESCRIPTION
Extent 159 p. :
Other physical details chiefly ill. (some col.) ;
Dimensions 28 cm.
500 ## - GENERAL NOTE
General note "Cartoons from cows of our planet, The chickens are restless and the curse of madame "C""--p. [4] of cover.
650 #0 - SUBJECT ADDED ENTRY--TOPICAL TERM
Topical term or geographic name entry element American wit and humor, Pictorial.
650 #0 - SUBJECT ADDED ENTRY--TOPICAL TERM
Topical term or geographic name entry element Caricatures and cartoons
Geographic subdivision United States
General subdivision History
Chronological subdivision 20th century.
856 42 - ELECTRONIC LOCATION AND ACCESS
Materials specified Publisher description
Uniform Resource Identifier <a href="http://www.loc.gov/catdir/enhancements/fy0726/95077571-d.html">http://www.loc.gov/catdir/enhancements/fy0726/95077571-d.html</a>
Holdings
Withdrawn status Lost status Damaged status Not for loan Home library Current library Shelving location Date acquired Total checkouts Full call number Barcode Date last seen Price effective from Koha item type
        Franklin Franklin General stacks 22/03/2026   741.5/973 20 BC0010743 22/03/2026 22/03/2026 Books